000 00465nam a2200181Ia 4500
008 090124s9999 xx 000 0 und d
082 _b126763
100 _aभोपे मधुरंजन
245 _a टक्कर
250 _a1
260 _c1984
300 _a211
600 _aभोपे मधुरंजन
630 _a टक्कर
700 _aभोपे मधुरंजन
730 _a टक्कर
942 _cBOOK
999 _c172853
_d172853